| 000 | 00664nam a2200193 4500 | ||
|---|---|---|---|
| 005 | 20250804160054.0 | ||
| 010 | _aENG-146293 | ||
| 020 |
_a9789361637766 _c275.00 |
||
| 035 | _aEN-129825 | ||
| 037 | _bDBAD | ||
| 082 |
_a658.404 _21 |
||
| 245 |
_aBook of Abstracts 13th International Conference on Contemporary Issues in Management CIM2025/ _cEdited By Rony George Kurien |
||
| 250 | _a1 | ||
| 260 |
_aMadurai _bShanlax Publications _c2025 |
||
| 270 |
_a61,66 Vasantha Nagar _bMadurai _e625003 _mshanlaxpublications@gmail.com |
||
| 300 |
_a150p. _c25cm(Pb) |
||
| 700 |
_aKurien, Rony George _eEditor _983709 |
||
| 942 |
_2ddc _cEN _h658.404 _mBOO |
||
| 999 |
_c212865 _d212865 |
||